| 000 | 00535aam a2200217 4500 | ||
|---|---|---|---|
| 005 | 20241209100517.0 | ||
| 008 | 150626b2011 xxu||||| |||| 00| 0 spa d | ||
| 041 | _aESP | ||
| 082 | _a612.6 H116h | ||
| 245 | _aHablando de sexualidad | ||
| 260 | _aCosta Rica | ||
| 260 | _bFundación Ser y Crecer | ||
| 260 | _c2011 | ||
| 300 | _a21 páginas | ||
| 650 | _aSEXUALIDAD | ||
| 650 | _aSEXUALIDAD INFANTIL | ||
| 650 | _aSEXUALIDAD EN LA ADOLESCENCIA | ||
| 650 | _aEDUCACIÓN SEXUAL | ||
| 650 | _aABUSO SEXUAL | ||
| 942 |
_cBK _2ddc |
||
| 999 |
_c3128 _d3128 |
||